000 00876nam a2200181Ia 4500
008 090124s9999 xx 000 0 und d
082 _b134339
100 _aपांडे भारती
245 _a गव्हर्नन्स : शासन व्यवहार आणि त्याला जडलेला स्नायुक्षय
250 _a1
260 _bशौरी अरुण
_c2007
300 _a293
600 _aपांडे भारती
630 _a गव्हर्नन्स : शासन व्यवहार आणि त्याला जडलेला स्नायुक्षय
700 _aपांडे भारती
730 _a गव्हर्नन्स : शासन व्यवहार आणि त्याला जडलेला स्नायुक्षय
942 _cBOOK
999 _c188465
_d188465